Story and discourse = Historia y discurso /
Uloženo v:
| Hlavní autor: | |
|---|---|
| Médium: | Neznámo |
| Jazyk: | English |
| Vydáno: |
Ithaca, New York :
Cornell University Press,
1978.
|
| Témata: | |
| Tagy: |
Přidat tag
Žádné tagy, Buďte první, kdo vytvoří štítek k tomuto záznamu!
|
MARC
| LEADER | 000000000a22000000004500 | ||
|---|---|---|---|
| 001 | 013800 | ||
| 041 | 0 | |a eng | |
| 082 | 0 | 4 | |a 700.1 |b Ch386s |
| 100 | 1 | |a Chatman, Seymour Benjamin, |d 1928- | |
| 245 | 1 | 0 | |a Story and discourse = |b Historia y discurso / |c Seymour Benjamin Chatman. |
| 260 | 1 | |a Ithaca, New York : |b Cornell University Press, |c 1978. | |
| 300 | |a 277 páginas : |b ilustraciones ; |c 23 cm. | ||
| 650 | 4 | |a ARTES | |
| 650 | 4 | |a NARRACION | |
| 500 | |a Colección George Yúdice | ||
| 999 | |c 19713 |d 19713 | ||
| 942 | |c BK |h 700.1 Ch386s |2 z | ||
